<?xml version="1.0" encoding="UTF-8"?>
<collection xmlns:xsi="http://www.w3.org/2001/XMLSchema-instance" xsi:schemaLocation="http://www.loc.gov/MARC21/slim http://www.loc.gov/standards/marcxml/schema/MARC21slim.xsd" xmlns="http://www.loc.gov/MARC21/slim">
 <record>
  <leader>00000ctm a22000003a 4500</leader>
  <controlfield tag="001">UP-99796217608451443</controlfield>
  <controlfield tag="003">Buklod</controlfield>
  <controlfield tag="005">20080718110939.0</controlfield>
  <controlfield tag="006">a     r    |||| u|</controlfield>
  <controlfield tag="007">ta</controlfield>
  <controlfield tag="008">080718s        xx     d     r    |||| u|</controlfield>
  <datafield tag="035" ind1=" " ind2=" ">
   <subfield code="a">(iLib)UPD-00040919655</subfield>
  </datafield>
  <datafield tag="040" ind1=" " ind2=" ">
   <subfield code="a">DCHE</subfield>
  </datafield>
  <datafield tag="041" ind1=" " ind2=" ">
   <subfield code="a">eng</subfield>
  </datafield>
  <datafield tag="090" ind1=" " ind2=" ">
   <subfield code="a">LG 993.5 1992 F66</subfield>
   <subfield code="b">L69</subfield>
  </datafield>
  <datafield tag="100" ind1="0" ind2=" ">
   <subfield code="a">Lozada, Ma. Aurora Melchora D.</subfield>
  </datafield>
  <datafield tag="245" ind1="0" ind2="0">
   <subfield code="a">Beta-carotene content and quantity and quality of squash-banana catsup</subfield>
   <subfield code="c">by Ma. Aurora Melchora D. Lozada ; Sonia Y. De Leon, adviser.</subfield>
  </datafield>
  <datafield tag="264" ind1=" " ind2="1">
   <subfield code="a">1992.</subfield>
  </datafield>
  <datafield tag="300" ind1=" " ind2=" ">
   <subfield code="a">84 leaves</subfield>
  </datafield>
  <datafield tag="500" ind1=" " ind2=" ">
   <subfield code="a">Thesis (BSFT)--University of the Phlippines Diliman.</subfield>
  </datafield>
  <datafield tag="520" ind1=" " ind2=" ">
   <subfield code="a">Catsup that has 592.05 micrograms per 100 grams of provitamin A activity was developed from fully ripe &quot;lagkitan' squash (Cucurbita maxima) and &quot;saba&quot; bananas &quot;Musa sapientum). The recipe of the Food and Nutrition Research Institute (FNRI) for catsup making was modified to adapt it for squash-banana catsup. Three experimental ratios of squash-banana catsuo were developed based on the modified FNRI recipe in Phase II. pH percentage titratable acidity, and soluble solids content of the experimental samples along with a commercial standard sample were determined. Viscometric measurements were also performed by using the Brookfield Synchro-electric Viscometer. A panel evaluation was conducted to determine the subjective acceptability of the product. The experimental sample which then exhibited the best quality control characteristics and which proved to be better than the commercial sample was the sample coded 640 (60% squash and 40% banana). It had a pH value of 4.3, T.A. = 1.24 % and 30.1°Brix soluble solids. Panel mean scores indicated that the panelists perceived sample 640 as having a brownish red color, slightly catsup odor, sweet-sour-spicy flavor, and a slightly smooth texture. This sample averaged 6.66 for its general acceptability, which was a score equivalent to &quot;like moderately&quot;. The beta-carotene content of sample 640 was determined by the colorimetric method in the third phase.</subfield>
  </datafield>
  <datafield tag="650" ind1="1" ind2="7">
   <subfield code="a">Ketchup.</subfield>
  </datafield>
  <datafield tag="700" ind1="1" ind2=" ">
   <subfield code="a">De Leon, Sonia Y.</subfield>
  </datafield>
  <datafield tag="905" ind1=" " ind2=" ">
   <subfield code="a">UPIANA</subfield>
  </datafield>
  <datafield tag="852" ind1="0" ind2=" ">
   <subfield code="a">UPD</subfield>
   <subfield code="b">DCHE</subfield>
   <subfield code="h">LG 993.5 1992 F66</subfield>
   <subfield code="i">L69</subfield>
  </datafield>
  <datafield tag="942" ind1=" " ind2=" ">
   <subfield code="a">Thesis</subfield>
  </datafield>
 </record>
</collection>
